000
00425cam a2200181ua 4500
041
_a
eng
_h
082
_a
823.308
_b
SCO/TA
100
_a
Scott, Walter .
245
_a
Talisman /
_c
Walter Scott.
_h
Textual Documents
260
_a
London :
_b
Blackie & Son Ltd ,
_c
1961.
300
_a
108 ; .
504
_a
942
_c
BK
999
_c
2518
_d
2518